000 00582nam a22002057a 4500
003 0
005 20251107144325.0
008 251107b xxu||||| |||| 00| 0 eng d
020 _a0-515-14224-7
050 _aPR 6103.H58
_b.C45 1999
100 _aChild, Lee,
_eauthor.
245 _aDie trying /
_cLee Child.
260 _aNew York, NY :
_bJove Books,
_c1999.
300 _a434 pages ;
_c18 cm.
650 _aSuspense fiction.
650 _aReacher, Jack (Fictitious character)
_xFiction.
650 _aKidnapping
_xFiction.
650 _aTerrorists
_xFiction.
942 _2lcc
_cBK
999 _c368501
_d368501